Top 15 Countries with Covid-19 Cases - 22 May 2021 - Statistics

General Stats
  • This quiz has been taken 25 times
  • The average score is 13 of 28
Answer Stats
total
cases
daily
gain
rate per
million
country % Correct
33,882,333 19,639 101,832 United States
100%
16,047,439 71,283 Brazil
92%
5,593,962 12,611 85,532 France
88%
4,188,190 4717 Italy
88%
26,528,846 243,777 India
84%
2,392,744 2604 Mexico
84%
4,992,554 8709 Russia
84%
4,460,446 2694 United Kingdom
84%
3,653,019 6419 Germany
80%
3,636,453 4792 Spain
76%
3,514,683 32,171 Argentina
64%
3,210,787 18,737 Colombia
56%
2,823,887 8005 Iran
52%
2,864,546 1517 Poland
48%
5,178,648 8697 Turkey
48%
89,786 Belgium
44%
94,522 Netherlands
40%
104,216 Sweden
36%
89,997 Israel
20%
86,643 Croatia
16%
154,527 Czechia
12%
83,174 Hungary
12%
120,975 Slovenia
12%
85,435 Panama
8%
122,528 Bahrain
4%
96,803 Estonia
4%
84,583 Georgia
4%
100,578 Lithuania
4%
No matching quizzes found
Score Distribution
Percent of People with Each Score
Percentile by Number Answered
Your Score History
You have not taken this quiz